| 000 | 00804nam0a22002171 4500 | ||
|---|---|---|---|
| 001 | rc\4089607 | ||
| 005 | 20250610235617.0 | ||
| 035 | _a(NLR Aleph) 007971301 | ||
| 090 |
_a8461281 _c8461281 |
||
| 100 | _a20130415d1954 |||y0rusy50 ca | ||
| 101 | 0 | _arus | |
| 102 | _aRU | ||
| 105 | _ay b ||||| | ||
| 200 | 1 |
_aПрибор индикаторный для измерения общей нормали цилиндрических зубчатых колес _fМ-во станкостроит. и инструм. пром-сти СССР. Ленингр. инструм. завод "ЛИЗ" |
|
| 210 |
_a[Москва] _cЦБТИ _d1954 |
||
| 215 |
_a1 л., слож. в [6] с. _d22 |
||
| 801 | 0 |
_aRU _bNLR _gpsbo |
|
| 801 | 1 |
_aRU _bELAR _2rusmarc |
|
| 852 |
_aNLR _jТ36 Г-6/1691 |
||
| 942 | _cBOOK | ||
| 980 | _aNB | ||